| 000 | 08505cam a2201597 a 4500 | ||
|---|---|---|---|
| 999 | _c56873 | ||
| 001 | 12073239 | ||
| 003 | LIBRIS | ||
| 005 | 20210318132226.0 | ||
| 008 | 110114s2011 sw ||||j||||||000 1|swe|c | ||
| 020 |
_a9789127130128 _qinb. |
||
| 035 | _a(Bo)475100 | ||
| 040 |
_aLGEN _dX _dS _ea |
||
| 041 | _aswe | ||
| 082 | 0 | 4 |
_a839.7374 _222/swe |
| 084 |
_aHcf(yb) _2kssb/8 |
||
| 084 |
_aIjc,u _2kssb/8 |
||
| 100 | 1 |
_aGustavsson, Ane, _d1971- _4ill _0https://libris.kb.se/jgvx1pg25kjmhb8#it |
|
| 245 | 1 | 0 |
_aDrillar & draköron : _bboken om instrumenten / _cAne Gustavsson, Lennart Hellsing. |
| 264 | 1 |
_aStockholm : _bNatur & kultur, _c2011 |
|
| 264 | 3 | _aKina | |
| 300 |
_a[26] s. : ill. _c29 cm _e1 CD |
||
| 500 | _aCD i ficka | ||
| 500 | _aOmslag: "CD med Göteborgs symfoniker" | ||
| 500 |
_5Hib _aBok + CD |
||
| 500 |
_5Li _aPliktex. |
||
| 520 | _aI en symfoniorkester finns många instrument. De har vackra namn och låter vackert. I den här bilderboken presenteras instrument med spelande bilder och sjungande texter. Det finns en CD i boken och man kan lyssna till alltihop. En hel bilderbok om bara musik! [Barnbokskatalogen] | ||
| 650 | 7 |
_aMusikinstrument _vbarn- och ungdomslitteratur _2barn |
|
| 650 | 7 |
_aFörmänskligade djur _vbarn- och ungdomslitteratur _2barn |
|
| 650 | 7 |
_aPingviner _vbarn- och ungdomslitteratur _2barn |
|
| 650 | 4 | _aBilderböcker | |
| 655 | 7 |
_aBilderböcker _0https://id.kb.se/term/barngf/Bilderb%C3%B6cker _2barngf |
|
| 655 | 7 |
_aPoesi _0https://id.kb.se/term/barngf/Poesi _2barngf |
|
| 700 | 1 |
_aHellsing, Lennart, _d1919-2015 _4aut _0https://libris.kb.se/tr578fcc0xfvcnv#it |
|
| 740 | 0 | _aDrillar och draköron | |
| 770 | 0 |
_tHandledning till Drillar & draköron _d2011 _z978-91-27-42257-5 _w12079621 |
|
| 887 |
_a{"@id":"zh9bvf095kvz6kh","modified":"2018-10-30T23:00:00+01:00","checksum":"48837674527"} _2librisxl |
||
| 887 |
_a{"@id":"59h59kcb252rjg5","modified":"2014-08-25T11:23:09+02:00","checksum":"54810431399"} _2librisxl |
||
| 887 |
_a{"@id":"hmvrjx1n0p7j4dd","modified":"2016-01-25T12:23:03+01:00","checksum":"66387568891"} _2librisxl |
||
| 887 |
_a{"@id":"x28wb1t31z50ml2","modified":"2014-04-01T11:50:34+02:00","checksum":"82642592333"} _2librisxl |
||
| 887 |
_a{"@id":"z8l8pfm1w1r2szrp","modified":"2019-09-13T11:16:31.952+02:00","checksum":"83449705173"} _2librisxl |
||
| 887 |
_a{"@id":"djq2n13k5bb8969","modified":"2011-09-22T10:02:24+02:00","checksum":"93069288346"} _2librisxl |
||
| 887 |
_a{"@id":"59hsrm0b376v4fw","modified":"2012-04-10T15:07:05+02:00","checksum":"53607086024"} _2librisxl |
||
| 887 |
_a{"@id":"bgn2l4sh4n0876z","modified":"2012-04-03T10:09:32+02:00","checksum":"46214462920"} _2librisxl |
||
| 887 |
_a{"@id":"jnv694qp0r3vgrw","modified":"2011-11-14T14:24:27+01:00","checksum":"62147935052"} _2librisxl |
||
| 887 |
_a{"@id":"v06j7c115gpqznp","modified":"2011-09-29T14:14:34+02:00","checksum":"87798860855"} _2librisxl |
||
| 887 |
_a{"@id":"8dl68tkf2rp9lww","modified":"2014-03-17T16:42:17+01:00","checksum":"100306312039"} _2librisxl |
||
| 887 |
_a{"@id":"7ckwmnsd10pwk0l","modified":"2011-10-06T14:28:27+02:00","checksum":"45167313084"} _2librisxl |
||
| 887 |
_a{"@id":"09hmhs2xx9fc7b6b","modified":"2019-08-13T11:16:15.641+02:00","checksum":"38064121699"} _2librisxl |
||
| 887 |
_a{"@id":"sx4g434z0lx7qcb","modified":"2011-09-28T11:31:40+02:00","checksum":"73774512766"} _2librisxl |
||
| 887 |
_a{"@id":"z39mffr429h76kj","modified":"2011-11-09T12:46:31+01:00","checksum":"85714395086"} _2librisxl |
||
| 887 |
_a{"@id":"qv2dqbpw10lbhj7","modified":"2011-12-06T13:30:31+01:00","checksum":"73289343110"} _2librisxl |
||
| 887 |
_a{"@id":"8dlc060f07jv09f","modified":"2015-01-20T08:03:02+01:00","checksum":"41496641720"} _2librisxl |
||
| 887 |
_a{"@id":"6bkcv8qc1r5jxcn","modified":"2015-06-22T10:00:15+02:00","checksum":"55911972829"} _2librisxl |
||
| 887 |
_a{"@id":"z39mmvk454239n6","modified":"2011-11-03T14:34:21+01:00","checksum":"96877702837"} _2librisxl |
||
| 887 |
_a{"@id":"1bjz2d1czg52pfgr","modified":"2019-08-07T10:16:23.196+02:00","checksum":"38865671560"} _2librisxl |
||
| 887 |
_a{"@id":"37frgzq83jk0wfd","modified":"2011-10-04T13:48:26+02:00","checksum":"77602916465"} _2librisxl |
||
| 887 |
_a{"@id":"rw3f7qwx1hml4pd","modified":"2011-10-24T10:28:45+02:00","checksum":"93406542732"} _2librisxl |
||
| 887 |
_a{"@id":"mrz8b5ss4vkbnb4","modified":"2011-10-26T12:48:24+02:00","checksum":"104551680063"} _2librisxl |
||
| 887 |
_a{"@id":"04bp55k51v2wxx4","modified":"2012-01-12T13:33:03+01:00","checksum":"42908270752"} _2librisxl |
||
| 887 |
_a{"@id":"fs722t5mc4jd4hkg","modified":"2021-03-17T15:35:09.866+01:00","checksum":"54191451869"} _2librisxl |
||
| 887 |
_a{"@id":"chp1b66j5b2l0zp","modified":"2011-12-01T12:39:15+01:00","checksum":"86512748198"} _2librisxl |
||
| 887 |
_a{"@id":"fr59dknjc0jf98qm","modified":"2020-06-22T11:16:20.283+02:00","checksum":"59162997377"} _2librisxl |
||
| 887 |
_a{"@id":"3fth81pk1v0wd03w","modified":"2020-06-18T14:04:48.491+02:00","checksum":"58107542332"} _2librisxl |
||
| 887 |
_a{"@id":"p0m822rnmlt0zbvk","modified":"2019-03-22T09:16:24.705+01:00","checksum":"65797815639"} _2librisxl |
||
| 887 |
_a{"@id":"t5k2q72frpwg28rg","modified":"2020-06-17T09:22:56.744+02:00","checksum":"79362525712"} _2librisxl |
||
| 887 |
_a{"@id":"w17jcm220bgh1vs","modified":"2011-08-31T10:09:53+02:00","checksum":"104721477611"} _2librisxl |
||
| 900 | 1 | s |
_6100 _d1971- _uGustavsson, Ane, _d1971- |
| 900 | 1 | s |
_6100 _d1971- _uGustavsson, Ane, _d1971- |
| 900 | 1 | s |
_6700 _d1919-2015 _uHellsing, Lennart, _d1919-2015 |
| 942 |
_2z _cBOOK |
||